Regulácia vykurovacieho a klimatizačného systému rodinného domu

Gespeichert in:
Bibliographische Detailangaben
1. Verfasser: Bošanský, Jozef (Verfasst von)
Weitere Verfasser: Kopček, Michal (Betreuung Doktorarbeit)
Format: Manuskript Buch
Sprache:Slowakisch
Veröffentlicht: 2016
Schlagworte:
Online-Zugang:http://is.stuba.sk/zp/portal_zp.pl?podrobnosti=119004
Tags: Tag hinzufügen
Keine Tags, Fügen Sie das erste Tag hinzu!

MARC

LEADER 00000ntm a22000003a 4500
001 stuzp55357
003 SK-STU
005 20160719154737.5
007 ta
008 150427s2015----xo-----f-mn---000-0-slo-d
040 |a STU  |b slo 
041 0 |a slo 
100 1 |a Bošanský, Jozef  |u 066000  |k Z4  |4 aut  |U MTF Materiálovotechnologická fakulta  |T MTF Ústav aplikovanej informatiky, automatizácie a mechatroniky  |X 51966  |U M6000  |Y 86  |7 A000051966 
242 0 1 |a Heating and air-conditioning control system of family house  |y eng 
245 1 0 |a Regulácia vykurovacieho a klimatizačného systému rodinného domu 
260 |c 2016 
650 4 |a Regulácia  |2 slo 
650 4 |a PARADOX  |2 slo 
650 4 |a REX  |2 slo 
650 4 |a Raspberry  |2 slo 
650 4 |a UNIPI  |2 slo 
650 4 |a IQRF  |2 slo 
650 4 |a Control system  |2 eng 
650 4 |a PARADOX  |2 eng 
650 4 |a REX  |2 eng 
650 4 |a Raspberry  |2 eng 
650 4 |a UNIPI  |2 eng 
650 4 |a IQRF  |2 eng 
700 1 |a Kopček, Michal  |u 066000  |k Z8  |4 ths  |U MTF Materiálovotechnologická fakulta  |T MTF Ústav aplikovanej informatiky, automatizácie a mechatroniky  |X 16383  |U M6000  |Y 86  |7 A000016383 
856 4 |u http://is.stuba.sk/zp/portal_zp.pl?podrobnosti=119004 
996 |c M* DP-12937  |l MMSKP  |s P  |a 0  |w stuzp55357_0001 
SQL |a stuzp55357  |b DDP  |c SLO  |d Regulácia vykurovacieho a klimatizačného systému rodinného domu  |e 51966  |f Bošanský, Jozef  |g 066000  |h 16383  |i Kopček, Michal  |j 20160601  |k 965  |l 06  |m http://is.stuba.sk/zp/portal_zp.pl?podrobnosti=119004  |n I-AIPP  |o 5.2.14. automatizácia